000 00317nam a22001097a 4500
999 _c516774
_d516774
082 _aTNC O35 Sa15
100 _aSadhu, Mouni
_923426
245 _aIn days of great peace :
_bThe highest yoga as lived
_cby Mouni Sadhu
260 _aTiruvannamalai
_bSri Ramanasramam
_c2001
300 _a223p.
650 _aMeditation
_923427